| 000 | 00374nam a2200157Ia 4500 | ||
|---|---|---|---|
| 008 | 230312s9999||||xx |||||||||||||| ||und|| | ||
| 020 | _a81-775-8739-5 | ||
| 082 |
_a547 _bWAD-O |
||
| 100 | _aWade;L.G | ||
| 245 | 0 | _aOrganic Chemistry | |
| 260 |
_bDorling Kindersley _aIndia _c2009 |
||
| 300 | _a1192 | ||
| 546 | _aEng. | ||
| 650 |
_aMedical _vOrganic Chemistry |
||
| 942 | _cBK | ||
| 999 |
_c7097 _d7097 |
||